Online katalóg knižníc regiónu Turca

Rozprávky o bosorkách, čarodejniciach a ježibabách (Record no. 21951)

MARC details
000 -LEADER
fixed length control field 01632cam a2200433 a 4500
001 - CONTROL NUMBER
control field 21951
003 - CONTROL NUMBER IDENTIFIER
control field VRT
005 - DATE AND TIME OF LATEST TRANSACTION
control field 20260316113735.0
008 - FIXED-LENGTH DATA ELEMENTS--GENERAL INFORMATION
fixed length control field 240315s2010 xo a b 000 f slo
015 ## - NATIONAL BIBLIOGRAPHY NUMBER
National bibliography number SNBA2011/04-02262
020 ## - INTERNATIONAL STANDARD BOOK NUMBER
International Standard Book Number 9788081250071
Qualifying information (viaz.)
035 ## - SYSTEM CONTROL NUMBER
System control number AE1873F1-4E36-432A-9EF3-D53A51971287
035 ## - SYSTEM CONTROL NUMBER
System control number urn:nbn:sk:snk-amjx0a
035 ## - SYSTEM CONTROL NUMBER
System control number urn:nbn:sk:snk-am0080uw
039 #9 - LEVEL OF BIBLIOGRAPHIC CONTROL AND CODING DETAIL [OBSOLETE]
Level of rules in bibliographic description 202403151913
Level of effort used to assign nonsubject heading access points VLOAD
Level of effort used to assign subject headings 202108021504
Level of effort used to assign classification AUTHORITY
Level of effort used to assign subject headings 202108021454
Level of effort used to assign classification AUTHORITY
Level of effort used to assign subject headings 202108021448
Level of effort used to assign classification AUTHORITY
040 ## - CATALOGING SOURCE
Original cataloging agency PPPK
Language of cataloging slo
Transcribing agency PPPK
Modifying agency SNK
Description conventions AACR2
041 1# - LANGUAGE CODE
Language code of text/sound track or separate title slo
Language code of original rus
044 ## - COUNTRY OF PUBLISHING/PRODUCING ENTITY CODE
MARC country code xo
ISO country code SK
072 #7 - SUBJECT CATEGORY CODE
Subject category code 821-93
Subject category code subdivision Literatúra pre deti a mládež
Source konspekt
080 ## - UNIVERSAL DECIMAL CLASSIFICATION NUMBER
Universal Decimal Classification number 821-34
Edition identifier 2001
080 ## - UNIVERSAL DECIMAL CLASSIFICATION NUMBER
Universal Decimal Classification number 821-93
Edition identifier 2001
100 1# - MAIN ENTRY--PERSONAL NAME
Personal name Škvarnová, Otília,
Dates associated with a name 1953-
Relationship aut
240 10 - UNIFORM TITLE
Uniform title Skazki o koldunach i kolduniach
Language of a work Slovensky
245 10 - TITLE STATEMENT
Title Rozprávky o bosorkách, čarodejniciach a ježibabách
Statement of responsibility, etc. [prerozprávala Otília Škvarnová] ; ilustrácie Irina Petelinová ; [z ruského originálu preložila Eleonóra Bujnová]
250 ## - EDITION STATEMENT
Edition statement 1. vyd.
260 ## - PUBLICATION, DISTRIBUTION, ETC.
Place of publication, distribution, etc. Bratislava
Name of publisher, distributor, etc. Junior
Date of publication, distribution, etc. 2010
300 ## - PHYSICAL DESCRIPTION
Extent 78 s.
Other physical details fareb. ilustr.
Dimensions 28 cm
655 #7 - INDEX TERM--GENRE/FORM
Genre/form data or focus term rozprávky
Source of term SNKPH
655 #7 - INDEX TERM--GENRE/FORM
Genre/form data or focus term publikácie pre deti
Source of term SNKPH
655 #7 - INDEX TERM--GENRE/FORM
Genre/form data or focus term Fairy tales
Source of term SNKPHeng
655 #7 - INDEX TERM--GENRE/FORM
Genre/form data or focus term Children's literature
Source of term SNKPHeng
700 1# - ADDED ENTRY--PERSONAL NAME
Personal name Petelina, Irina Andrejevna,
Dates associated with a name 1964-
Relationship ill
700 1# - ADDED ENTRY--PERSONAL NAME
Personal name Bujnová, Eleonóra
Relationship trl
942 ## - ADDED ENTRY ELEMENTS (KOHA)
Source of classification or shelving scheme Dewey Decimal Classification
Koha item type Krásna literatúra pre deti
Suppress in OPAC No
949 ## - LOCAL PROCESSING INFORMATION (OCLC)
6 3869A13543
a bpksh821-34
b bpksh63352
949 ## - LOCAL PROCESSING INFORMATION (OCLC)
6 17A0676166
a snkSB 81023
b snk2011/4775
o 646/11
s 6100:20140925
949 ## - LOCAL PROCESSING INFORMATION (OCLC)
6 17A0676167
a snkSB 81023 D1
b snk2011/4776
o 646/11
980 ## - EQUIVALENCE OR CROSS-REFERENCE-SERIES STATEMENT--PERSONAL NAME/TITLE [LOCAL, CANADA]
Personal name 821.161.1-34
Holdings
Stav vyradenia Strata Poškodenie Spôsob nadobudnutia Domovská knižnica Aktuálna knižnica Dátum nadobudnutia Total checkouts Čiarový kód exemplára Date last seen Typ exemplára
      Dar Obecná knižnica Turčianska Štiavnička Obecná knižnica Turčianska Štiavnička 16.03.2026   4738000396 16.03.2026 Krásna literatúra pre deti
Projekt je podporený Slovenskou asociáciou knižníc
Prevádzkuje Turčianska knižnica Martin 2026